Generovanie hodnôt náhodných veličín - metódy a aplikácia bakalárska práca

Saved in:
Bibliographic Details
Main Author: Rišianová, Danica
Corporate Author: Fakulta hospodárskej informatiky EU. Katedra operačného výskumu a ekonometrie
Other Authors: Krumplík, Miroslav
Format: Book
Language:Slovak
Published: Bratislava 2009
Tags: Add Tag
No Tags, Be the first to tag this record!

MARC

LEADER 00000nam$a2200000$$$4500
001 0103848
005 20240318134111.1
041 0 |a slo 
044 |a SK 
245 1 0 |a Generovanie hodnôt náhodných veličín - metódy a aplikácia  |b bakalárska práca  |c Danica Rišianová ; škol. Miroslav Krumplík 
264 1 |a Bratislava  |c 2009 
300 |a 38 s. 
100 1 |a Rišianová, Danica 
700 1 |a Krumplík, Miroslav 
710 2 |a Fakulta hospodárskej informatiky EU. Katedra operačného výskumu a ekonometrie